Gewerkschaftshandbuch
| Titel: | Gewerkschaftshandbuch : Daten, Fakten, Strukturen / Horst-Udo Niedenhoff ; Wolfgang Pege |
|---|---|
| Verfasser: | ; |
| Ausgabe: | Ausgabe 1997, 3. Auflage |
| Veröffentlicht: | Köln : Dt. Inst.-Verlag, 1997 |
| Umfang: | 603 Seiten : Diagramme + 1 CD-ROM |
| Format: | Buch |
| Sprache: | Deutsch |
| RVK-Notation: |
·
·
·
|
| ISBN: | 3602143708 |
| Lokale Klassifikation: | 3 13 G |
|---|
alg: 5519715 001A $06000:05-01-98 001B $01999:09-05-25 $t08:24:46.000 001D $09999:99-99-99 001U $0utf8 001X $00 002@ $0Aau 002C $aText $btxt $2rdacontent 002D $aohne Hilfsmittel zu benutzen $bn $2rdamedia 002E $aBand $bnc $2rdacarrier 003@ $0055197159 003O $064541737 $aOCoLC 004A $03-602-14370-8 006G $0952551802 006T $098,N03,0244 007A $0952551802 $aDNB 007I $0thf19281 010@ $ager 011@ $a1997 013D $RFührer $#Directories $#Répertoires $#Repertorium Verzeichnis $74188171-0 $8Verzeichnis [Ts1] $9085925047 021A $aGewerkschaftshandbuch $dDaten, Fakten, Strukturen $hHorst-Udo Niedenhoff ; Wolfgang Pege 028A $BVerfasser $#Niedenhoff, Horst $4aut $7115549633 $8Niedenhoff, Horst-Udo$Z1942- [Tp3] $9149735235 028C $BVerfasser $4aut $7170362515 $8Pege, Wolfgang$Z1934- [Tp3] $9294589503 032@ $aAusgabe 1997, 3. Auflage 033A $pKöln $nDt. Inst.-Verlag 034D $a603 Seiten 034K $a1 CD-ROM 034M $aDiagramme 044K $#Abendland $#Okzident $74015701-5 $8Europa [Tgz] $908503617X 044K $RInteressenverband $RArbeiterbewegung $RSyndikalismus $RArbeitnehmerverband $#Labor unions $#Syndicats $#Sindacati $#Funcionarios Sindicatos $#trade unions $#Gewerkschaft $#Gewerkschaft $#Gewerkschaft $#Gewerkschaften $74020872-2 $8Gewerkschaft [Ts1] $9085050695 045F $a330.0943 $eDDC23BSB 045F/01 $a330.09 045F/03 $g43 045Z $8MG 15260 [Tkv] $9410455806 045Z $8QM 420 [Tkv] $9411129856 045Z $8QX 000 [Tkv] $9411134000 045Z $8QV 400 [Tkv] $9411133748 lok: 5519715 3 101B $006-08-07 $t14:57:47.000 101C $006-08-07 101U $0utf8 145S/01 $a008 145S/02 $a006 exp: 5519715 3 1 #EPN 201B/01 $025-02-26 $t23:11:55.000 201C/01 $004-05-17 201U/01 $0utf8 203@/01 $0805965785 208@/01 $a04-05-17 $bzCk 209A/01 $aO 1 70 $ds $f331 $x00 209C/01 $a98.105 247C/01 $8601331-4 <30/331>Frankfurt, Europäische Akademie der Arbeit $9102599386 lok: 5519715 6 101B $005-12-02 $t16:42:42.223 101C $008-04-98 147A $afe 101U $0utf8 exp: 5519715 6 1 #EPN 201B/01 $017-12-11 $t20:36:17.000 201C/01 $008-04-98 201U/01 $0utf8 203@/01 $0120769891 208@/01 $a08-04-98 $bz 209A/01 $aBf III 5243, A3 $du $f042 $hBF 3 5243 / A 3 $x00 209C/01 $a98/275 $h98 275 209G/01 $a00526380 $x00 237A/01 $aohne CD-Rom 247C/01 $8608042-xFrankfurt, Bibliothek der Philosophisch-Theologischen Hochschule St. Georgen, Frankfurt $9102601038 lok: 5519715 21 exp: 5519715 21 1 #EPN 201B/01 $022-08-16 $t15:48:32.000 201C/01 $009-04-99 201U/01 $0utf8 203@/01 $0132708256 208@/01 $a09-04-99 $bz 209A/01 $a20 / QV 400 N666 (3) $ds $f000 $hQV 400 N666 / A 3 $x00 209A/01 $a20 / SOP 400 06 (3) $ds $f000 $hSOP 400 06 / A 3 $x07 209B/01 $a00020 $x05 209G/01 $a11234623 $x00 209G/01 $a2. OG $x01 237A/01 $aCD-ROM fehlt 247C/01 $8641000-5 <66/0>Fulda, Hochschul-, Landes- und Stadtbibliothek Fulda, Standort Campus $9102599580 lok: 5519715 24 101B $005-12-02 $t16:42:42.644 101C $011-05-99 145Z/01 $a3 13 G 101U $0utf8 exp: 5519715 24 1 #EPN 201B/01 $019-12-02 $t04:59:58.057 201C/01 $011-05-99 203@/01 $0133319830 208@/01 $a11-05-99 $bz 209A/01 $a99.1247 $du $f050 $h99 1247 $x00 209C/01 $a99.1247 G $h99 1247 G 209G/01 $a70133857 $x00 247C/01 $8358050-7 Marburg, Bibliothek des Herder-Instituts Marburg $9102600961 201U/01 $0utf8 lok: 5519715 76 101B $010-12-14 $t23:19:17.000 101U $0utf8 144Z/01 $aDeutschland 144Z/02 $aGewerkschaft 144Z/03 $aCD-ROM 144Z/04 $aInternationale Gewerkschaft exp: 5519715 76 1 #EPN 201B/01 $025-03-20 $t13:44:23.000 201U/01 $0utf8 203@/01 $0746344856 208@/01 $a03-12-14 $br 209A/01 $aAll Hs 119 $ds $f000 $hAll Hs 119 $x00 209C/01 $a1998:0674 $h1998 0674 209G/01 $aFUL2$0161749 $x00 209G/01 $aLesesaal $x01 245S/01 $asoz $x01 247C/01 $8648002-0 Fulda, Bibliothek des Bischöflichen Priesterseminars $9320103366 lok: 5519715 204 101B $005-12-02 $t16:42:42.766 101C $007-05-98 145S/01 $a02000 145Z/01 $aSoz B 0366 145Z/02 $aWirt C 0089 Gewerkschaften 101U $0utf8 exp: 5519715 204 1 #EPN 201B/01 $006-04-18 $t11:01:53.000 201C/01 $007-05-98 201U/01 $0utf8 203@/01 $012132480X 208@/01 $a07-05-98 $bzb03 209A/01 $a030 pol Ff 0.21 $du $f030 $x00 209A/01 $a21.636.44 $x09 209G/01 $a21636444 $x00 245S/01 $a02000 $x01 247C/01 $8631030-8 <26/030>Gießen, Universität Gießen, Zweigbibliothek im Philosophikum II $9116079460 exp: 5519715 204 2 #EPN 201B/02 $006-04-18 $t11:03:14.000 201C/02 $006-04-18 201U/02 $0utf8 203@/02 $01020453648 208@/02 $a06-04-18 $br030 209A/02 $a030 pol Ff 0.21-CD $du $f030 $x00 209G/02 $a15032901 $x00 245S/02 $a04000 $x01 247C/02 $8631030-8 <26/030>Gießen, Universität Gießen, Zweigbibliothek im Philosophikum II $9116079460 lok: 5519715 205 exp: 5519715 205 1 #EPN 201B/01 $015-03-18 $t11:48:25.000 201C/01 $025-11-99 201U/01 $0utf8 203@/01 $0139143793 208@/01 $a25-11-99 $bz 209A/01 $aD 040 N 1 - 1997 $db $f331 $x00 209B/01 $a80 $x05 209C/01 $aD 1999/2830-W $h1999 2830 W 209G/01 $a40498389 $x00 209G/01 $aMagazin $x01 245Z/01 $aBW D 040 $x01 247C/01 $8351331-2 <4/331>Marburg, Universität Marburg, Bibliothek Wirtschaftswissenschaften (BW) $9102595208
| LEADER | 00000cam a2200000 c 4500 | ||
|---|---|---|---|
| 001 | 055197159 | ||
| 003 | DE-603 | ||
| 005 | 20250509082446.0 | ||
| 007 | tu | ||
| 008 | 980105s1997 xx |||| | u00||u|ger | ||
| 015 | |a 98,N03,0244 |2 dnb | ||
| 016 | 7 | |2 DE-101 |a 952551802 | |
| 020 | |a 3602143708 | ||
| 035 | |a (DE-599)DNB952551802 | ||
| 035 | |a (OCoLC)64541737 | ||
| 040 | |a DE-603 |b ger |c DE-603 |d DE-603 | ||
| 041 | |a ger | ||
| 082 | 0 | 4 | |8 1\u |a 330.0943 |q DE-101 |2 23/BSB |
| 084 | |a MG 15260 |0 (DE-625)122818:12071 |0 (DE-603)410455806 |2 rvk | ||
| 084 | |a QM 420 |0 (DE-625)141792: |0 (DE-603)411129856 |2 rvk | ||
| 084 | |a QX 000 |0 (DE-625)142178: |0 (DE-603)411134000 |2 rvk | ||
| 084 | |a QV 400 |0 (DE-625)142152: |0 (DE-603)411133748 |2 rvk | ||
| 085 | |8 1\u |b 330.09 | ||
| 085 | |8 1\u |z 2 |s 43 | ||
| 100 | 1 | |a Niedenhoff, Horst-Udo |d 1942- |e Verfasser |4 aut |0 (DE-603)149735235 |0 (DE-588)115549633 |2 gnd | |
| 245 | 0 | 0 | |a Gewerkschaftshandbuch |b Daten, Fakten, Strukturen |c Horst-Udo Niedenhoff ; Wolfgang Pege |
| 250 | |a Ausgabe 1997, 3. Auflage | ||
| 264 | 1 | |a Köln |b Dt. Inst.-Verlag |c 1997 | |
| 300 | |a 603 Seiten |b Diagramme |e 1 CD-ROM | ||
| 336 | |a Text |b txt |2 rdacontent | ||
| 337 | |a ohne Hilfsmittel zu benutzen |b n |2 rdamedia | ||
| 338 | |a Band |b nc |2 rdacarrier | ||
| 650 | 7 | |a Gewerkschaft |0 (DE-588)4020872-2 |0 (DE-603)085050695 |2 gnd | |
| 651 | 7 | |a Europa |0 (DE-588)4015701-5 |0 (DE-603)08503617X |2 gnd | |
| 655 | 7 | |a Verzeichnis |2 gnd-content |0 (DE-588)4188171-0 |0 (DE-603)085925047 | |
| 700 | 1 | |a Pege, Wolfgang |d 1934- |e Verfasser |4 aut |0 (DE-603)294589503 |0 (DE-588)170362515 |2 gnd | |
| 924 | 0 | |9 30/331 |a (DE-603)805965785 |b DE-30-331 |c HES |d d |g O 1 70 | |
| 924 | 0 | |9 F 42 |a (DE-603)120769891 |b DE-F42 |c HES |d c |g Bf III 5243, A3 | |
| 924 | 0 | |9 66/0 |a (DE-603)132708256 |b DE-66-0 |c HES |d b |g 20 / QV 400 N666 (3) |h 2. OG | |
| 924 | 0 | |9 Mb 50 |a (DE-603)133319830 |b DE-Mb50 |c HES |d c |g 99.1247 | |
| 924 | 0 | |9 Ful 2 |a (DE-603)746344856 |b DE-Ful2 |c HES |d d |g All Hs 119 | |
| 924 | 0 | |9 26/030 |a (DE-603)12132480X |b DE-26-030 |c HES |d c |g 030 pol Ff 0.21 |i 21.636.44 | |
| 924 | 0 | |9 26/030 |a (DE-603)1020453648 |b DE-26-030 |c HES |d c |g 030 pol Ff 0.21-CD | |
| 924 | 0 | |9 4/331 |a (DE-603)139143793 |b DE-4-331 |c HES |d c |g D 040 N 1 - 1997 |h Magazin | |


